00560nam a2200169 a 450000500170000000800410001705000220005810000190008024500430009925000210014226000430016344000210020652000060022765000360023399900190026995201020028820140414131934.0110112s19uu xx 00 eng d aREF 609bB43 2000 aBender, Lionel aInvention /cwritten by Lionel Bender. a1st American ed. aNew York :bDorling Kindersley,c2000. aEyewitness books a  aInventionsxJuvenile literature c112353d112353 001040aMUbMUcREFd2011-01-12l0oREF 609 B43 2000pM3638r2014-04-14 00:00:00w2014-04-14yBK